| 000 | 01371nam a2200397 a 4500 | ||
|---|---|---|---|
| 001 | vtls000975523 | ||
| 003 | NLI | ||
| 005 | 20210627095812.0 | ||
| 008 | 120209m1980uuuuxxu i000 0 eng | ||
| 039 | 9 |
_y201202091837 _zVLOAD |
|
| 040 |
_aNLI _cVTLS-2010_FOD _eAACR2 |
||
| 040 | _aProcessed by VTLS | ||
| 041 | 0 | _aeng | |
| 044 | _axxu | ||
| 082 | 4 | _a016.61 | |
| 110 | 1 |
_aUnited States _bAmerican Medical Association _9908052 |
|
| 222 | 0 | _aCumulated index medicus | |
| 245 | 0 | 0 |
_aCumulated index medicus / _cNational Library of Medicine |
| 260 |
_aBethesda, Md. : _bUnited States Department of Health and Human Services, _c1980 |
||
| 300 |
_a-v. ; _c31 cm. |
||
| 310 | _aAnnual | ||
| 440 | 0 |
_a1980- : NIH publication ; _vno.81-259 _9708074 |
|
| 500 | _aDescription based on: Vol. 21 (1980) | ||
| 500 | _aLibrary has vol. 21 | ||
| 500 | _aSubject Index Mol-Pi | ||
| 515 | _aVols. for 1960-1964 issued in 3 pts.: Pt. 1, Author index; pts. 2-3, Subject index; 1964- number of parts varies | ||
| 650 | 0 |
_aMedicine _vIndexes |
|
| 650 | 0 |
_aBibliography of Medicine _9708075 |
|
| 710 | 2 |
_aNational Library of Medicine (U.S.) _9708079 |
|
| 740 | 0 | _aMedline | |
| 887 | _a | ||
| 901 |
_aAD 70624 _b29.07.2010 _9v.21, no.81-259 |
||
| 902 | _aU.S 016.61 Us 3 Cu | ||
| 949 |
_AVIRTUAITEM _D10000 _X100 _6ADX000070624ENG _9v.21,no.81-259 |
||
| 942 |
_2ddc _cBKS |
||
| 999 |
_c797828 _d797828 |
||